Target Toeic Upgrading Toeic test-taking skills

Wedi'i Gadw mewn:
Manylion Llyfryddiaeth
Prif Awdur: Taylor, Anne
Fformat: Llyfr
Iaith:English
Cyhoeddwyd: TP.HCM Trẻ 2010
Rhifyn:Second edition
Pynciau:
Tagiau: Ychwanegu Tag
Dim Tagiau, Byddwch y cyntaf i dagio'r cofnod hwn!
Thư viện lưu trữ: Trung tâm Học liệu Lê Vũ Hùng, Trường Đại học Đồng Tháp
LEADER 00900aam a22002658a 4500
001 00029416
005 20171026081025.0
008 120724s2010 ||||||engsd
020 |c 156000 
041 0 # |a eng 
082 1 4 |a 428  |b T109T 
100 1 # |a Taylor, Anne 
245 1 0 |a Target Toeic  |b  Upgrading Toeic test-taking skills  |c Anne Taylor 
250 # # |a Second edition 
260 # # |b Trẻ  |c 2010  |a TP.HCM 
300 # # |a 316 tr.  |c 26 cm.  |e 6CD 
653 # # |a Bài tập 
653 # # |a Luyện thi 
653 # # |a TOEIC 
653 # # |a Tiếng Anh 
852 # # |b Kho mượn  |j KM.0014085, KM.0015351, KM.0015352, KM.0015353, KM.0015354, KM.0015355, KM.0015356, KM.0015357, KM.0015358, KM.0015359, KM.0015360 
852 # # |b Kho đọc  |j KD.0013738 
852 # # |j KD.0013738  |j KM.0014085 
910 0 # |d 21/6/2012  |a kchi 
980 # # |a Trung tâm Học liệu Lê Vũ Hùng, Trường Đại học Đồng Tháp